From Main Street to the Left Bank ; students and scholars abroad /

Bibliographic Details
Main Author: Garraty, John A. (John Arthur), 1920-2007
Other Authors: Adams, Walter, 1922-1998
Format: Book
Language:English
Published: East Lansing : Michigan State University Press, [1959]
Subjects:

MARC

Tag First Indicator Second Indicator Subfields
LEADER 00000cam a2200000 4500
001 in00000055862
005 20151008052324.0
008 740821s1959 miu 00000 eng
010 |a  59015259  
035 |a (OCoLC)00986314 
035 |9 AAH2809AM 
040 |a DLC  |c OUN  |d TXA  |d UtOrBLW 
049 |a TXAM  |c [315648] 
050 0 |a LB2376  |b .G3 
082 1 |a 378.35 
092 |a 378.35  |b G238f, 1959 
100 1 |a Garraty, John A.  |q (John Arthur),  |d 1920-2007. 
245 1 0 |a From Main Street to the Left Bank ;  |b students and scholars abroad /  |c [by] John A. Garraty and Walter Adams. 
264 1 |a East Lansing :  |b Michigan State University Press,  |c [1959] 
300 |a 216 pages ;  |c 22 cm. 
336 |a text  |b txt  |2 rdacontent 
337 |a unmediated  |b n  |2 rdamedia 
338 |a volume  |b nc  |2 rdacarrier 
650 0 |a American students  |z Europe. 
700 1 |a Adams, Walter,  |d 1922-1998. 
999 |a MARS 
999 f f |s d19c3fa1-6b1c-3087-a7e3-e31eb35c3d44  |i c99f9fe2-b7b9-3e27-8792-1a09af544493  |t 0 
952 f f |p normal  |a Texas A&M University  |b College Station  |c Sterling C. Evans Library  |d Evans: Library Stacks  |t 0  |e LB2376 .G3  |h Library of Congress classification  |i unmediated -- volume  |m A14800863308 
998 f f |a LB2376 .G3  |t 0  |l Evans: Library Stacks